000
00247 a2200097 4500
001
13267
100
_a
Kamp,DI.
245
_a
21st Century Manager : Future-focused skills for the next millennium
260
_a
_b
Kogan Page
_c
090
_c
10263
_d
10263
942
_a
NUST-CAE
_c
M
_c
296
999
_c
248340
_d
248340